000 00473nam a2200181Ia 4500
003 GCL
008 140319s9999 xx 000 0 ara d
040 _aGCL /
_cGCL
082 0 4 _aط
_b813.087
_bن م
100 1 _aنهضة مصر
245 1 0 _aمؤامرة الصحراء /
_cنهضة مصر
300 _a23 ص
490 _aبات مان
_v0
650 0 4 _aالاطفال
650 0 4 _aقصص الاطفال
650 0 4 _aقصص المغامرات
942 _2ddc
_cBK
999 _c51396
_d51396